000 00585nam a2200229Ia 4500
003 OSt
005 20220924132217.0
006 a|||||r|||| 00| 0
007 ta
008 220923b |||||||| |||| 00| 0 san d
024 _a34829
037 _cTextual
040 _aARTS
_cARTS
_bsan
041 _2san
_asan
082 _aO15:3E60:1, E5
100 _aSomadeva
245 0 _aKatha sarit sagara ed by Durga Prasad and Kashinath
260 _c1915
650 _aENGLISH LITERATURE
942 _hO15:3E60:1, E5
_cTEXL
_2CC
999 _c429594
_d429594